000
00288nam a22001337a 4500
003
SGT
082
_a
617
_b
C08E
100
_a
ELLIS, HAROLD
245
_a
CLINICAL CASES UNCOVERED SURGERY
260
_a
BLACKWELL
_b
WILEY
_c
2008
300
_a
297
650
_a
SURGERY
942
_2
ddc
_c
BK
999
_c
14848
_d
14848